A workout in computational finance / (Record no. 31671)

000 -LEADER
fixed length control field 01351cam a2200325 i 4500
001 - CONTROL NUMBER
control field 17720869
005 - DATE AND TIME OF LATEST TRANSACTION
control field 20230715140011.0
008 - FIXED-LENGTH DATA ELEMENTS--GENERAL INFORMATION
fixed length control field 130502s2013 enka b 001 0 eng
010 ## - LIBRARY OF CONGRESS CONTROL NUMBER
LC control number 2013017386
020 ## - INTERNATIONAL STANDARD BOOK NUMBER
International Standard Book Number 9781119971917 (cloth/website)
020 ## - INTERNATIONAL STANDARD BOOK NUMBER
International Standard Book Number 1119971918 (cloth/website)
020 ## - INTERNATIONAL STANDARD BOOK NUMBER
Canceled/invalid ISBN 9781119973485 (ebk)
020 ## - INTERNATIONAL STANDARD BOOK NUMBER
Canceled/invalid ISBN 9781119973492 (ebk)
020 ## - INTERNATIONAL STANDARD BOOK NUMBER
Canceled/invalid ISBN 9781119973508 (ebk)
040 ## - CATALOGING SOURCE
Original cataloging agency DLC
Language of cataloging eng
Transcribing agency DLC
Description conventions rda
Modifying agency DLC
042 ## - AUTHENTICATION CODE
Authentication code pcc
050 00 - LIBRARY OF CONGRESS CALL NUMBER
Classification number HG 106 .A387 2013
082 00 - DEWEY DECIMAL CLASSIFICATION NUMBER
Classification number 332.01/51
Edition number 23
100 1# - MAIN ENTRY--PERSONAL NAME
Personal name Aichinger, Michael,
Dates associated with a name 1979-
245 12 - TITLE STATEMENT
Title A workout in computational finance /
Statement of responsibility, etc. Michael Aichinger, Andreas Binder.
300 ## - PHYSICAL DESCRIPTION
Extent xi, 320 pages :
Other physical details illustrations ;
Dimensions 25 cm.
490 0# - SERIES STATEMENT
Series statement Wiley finance series
504 ## - BIBLIOGRAPHY, ETC. NOTE
Bibliography, etc Includes bibliographical references (pages 301-306) and index.
650 #0 - SUBJECT ADDED ENTRY--TOPICAL TERM
Topical term or geographic name as entry element Finance
General subdivision Mathematical models.
700 1# - ADDED ENTRY--PERSONAL NAME
Personal name Binder, Andreas,
Dates associated with a name 1964-
776 08 - ADDITIONAL PHYSICAL FORM ENTRY
Relationship information Online version:
Main entry heading Aichinger, Michael, 1979-
Title Workout in computational finance
Place, publisher, and date of publication Hoboken, N.J. : John Wiley & Sons, Inc., [2013]
International Standard Book Number 9781119973485
Record control number (DLC) 2013018390
906 ## - LOCAL DATA ELEMENT F, LDF (RLIN)
a 7
b cbc
c orignew
d 1
e ecip
f 20
g y-gencatlg
942 ## - ADDED ENTRY ELEMENTS (KOHA)
Source of classification or shelving scheme
Koha item type Hard Covered Materials
Classification part HG 106 .A387 2013
Holdings
Withdrawn status Lost status Source of classification or shelving scheme Damaged status Not for loan Home library Current library Shelving location Date acquired Source of acquisition Total Checkouts Full call number Barcode Date last seen Price effective from Koha item type
          MACHAKOS UNIVERSITY LIBRARY MACHAKOS UNIVERSITY LIBRARY Open shelf 15/07/2023 Donation (falcon books)   HG 106 .A387 2013 39447 03/07/2023 15/07/2023 Hard Covered Materials
© Machakos University Library, Along The Highway, Machakos Wote Rd, Machakos, Kenya P.O. Box 136 - 90100 Machakos - Kenya

Tel: ( +254 ) 723 805829 OR Fax : 044-20353 OR Email: library@mksu.ac.ke